La inteligencia espiritual aplicada a las pruebas de la vida (Registro nro. 5443)
[ vista simple ]
| 000 -Cabecera | |
|---|---|
| Campo de control de longitud fija | 00523aam a2200181 4500 |
| 005 - Fecha y hora de la última transacción | |
| Campo de control | 20231012093134.0 |
| 008 - Elementos de longitud fija--Información general | |
| Campo de control de longitud fija | 150513b2005 xxu||||| |||| 00| 0 spa d |
| 041 ## - Idioma | |
| Código de idioma | Español |
| 082 ## - Clasificación Decimal Dewey | |
| Número de clasificación | 291.4 E162i |
| 100 ## - Entrada principal--Autor personal | |
| Nombre personal | Edwards Valerin, Gustavo A |
| 9 (RLIN) | 38373 |
| 245 ## - Título propiamente dicho | |
| Título | La inteligencia espiritual aplicada a las pruebas de la vida |
| 260 ## - Pie de imprenta | |
| Lugar de publicación, distribución, etc. | Costa Rica |
| Nombre del editor, distribuidor, etc. | Palabra de vida |
| Fecha de publicación, distribución, etc. | 2005 |
| 300 ## - Descripción física | |
| Extensión | 72 páginas |
| 650 ## - Materia general | |
| Temática (materia general) | INTELIGENIA ESPIRITUAL |
| 650 ## - Materia general | |
| Temática (materia general) | VIDA ESPIRITUAL |
| 650 ## - Materia general | |
| Temática (materia general) | FE |
| 942 ## - Punto de acceso adicional KOHA | |
| Tipo de ítem KOHA | Literatura |
| Fuente del sistema de clasificación o colocación | Dewey Decimal Classification |
| Signatura completa | Código de barras | Tipo de ítem |
|---|---|---|
| 291.4 E162i | 14393 | Literatura |